|
|
|
|
| LEADER |
00913nam a22002532a 4500 |
| 001 |
000960331 |
| 003 |
CZ BrMZK |
| 005 |
20091211105111.0 |
| 007 |
ta |
| 008 |
090812s1909 xr er|||||||||||cze d |
| 035 |
|
|
|a (OCoLC)85714400
|
| 040 |
|
|
|a ABA001
|b cze
|c HKA001
|d BOA001
|
| 100 |
1 |
|
|a Pulda, Jaroslav,
|d 1870-1926
|7 jk01101717
|4 aut
|
| 245 |
1 |
0 |
|a Hrabě Monte Christo :
|b sensační výpravná hra o 7 obrazech /
|c dle stejnojmenného románu Alexandra Dumasa pro české divadlo napsal Jaroslav Vlad. Pulda
|
| 260 |
|
|
|a Praha-Karlín :
|b M. Knapp,
|c [1909]
|
| 300 |
|
|
|a 108 s. ;
|c 8°
|
| 490 |
1 |
|
|a Ochotnické divadlo ;
|v sv. 329
|
| 700 |
1 |
|
|a Dumas, Alexandre,
|d 1802-1870
|7 jn19990001907
|4 ant
|
| 830 |
|
0 |
|a Ochotnické divadlo
|0 s
|
| 910 |
|
|
|a BOA001
|b 1-0501.826
|
| 990 |
|
|
|a BK
|
| 993 |
|
|
|a Y
|
| 991 |
|
|
|b 200908
|
| 996 |
6 |
|
|b 2619341757
|c 1-0501.826
|l MZK
|r Sklad / do 1 hodiny
|n 1
|w 001093327
|u 000010
|a 1
|e BOA001
|j MZK50
|s P
|